Тепловой контроль ударных повреждений в изделиях из углепластика; Неразрушающий контроль: электронное приборостроение, технологии, безопасность; Т. 1

Bibliografiske detaljer
Parent link:Неразрушающий контроль: электронное приборостроение, технологии, безопасность: сборник трудов IV Всероссийской научно-практической конференции студентов, аспирантов и молодых учёных, Томск, 26-30 мая 2014 г./ Национальный исследовательский Томский политехнический университет (ТПУ).— , 2014
Т. 1.— 2014.— [С. 141-144]
Hovedforfatter: Секерина Е. Г.
Corporate Authors: Национальный исследовательский Томский политехнический университет (ТПУ) Институт неразрушающего контроля (ИНК) Кафедра физических методов и приборов контроля качества (ФМПК), Национальный исследовательский Томский политехнический университет (ТПУ) Институт природных ресурсов (ИПР) Кафедра геологии и разведки полезных ископаемых (ГРПИ)
Andre forfattere: Нестерук Д. А. Денис Алексеевич (научный руководитель)
Summary:Заглавие с титульного листа.
Sprog:russisk
Udgivet: 2014
Serier:Современные системы и технологии в неразрушающем контроле
Fag:
Online adgang:http://www.lib.tpu.ru/fulltext/c/2014/C36/V1/050.pdf
Format: MixedMaterials Electronisk Book Chapter
KOHA link:https://koha.lib.tpu.ru/cgi-bin/koha/opac-detail.pl?biblionumber=609037

MARC

LEADER 00000naa2a2200000 4500
001 609037
005 20231221133829.0
035 |a (RuTPU)RU\TPU\conf\6484 
035 |a RU\TPU\conf\6483 
090 |a 609037 
100 |a 20141023d2014 k y0rusy50 ca 
101 0 |a rus 
102 |a RU 
105 |a y z 101zy 
135 |a drcn ---uucaa 
181 0 |a i  
182 0 |a b 
200 1 |a Тепловой контроль ударных повреждений в изделиях из углепластика  |f Е. Г. Секерина, Д. А. Нестерук  |g науч. рук. Д. А. Нестерук 
203 |a Текст  |c электронный 
215 |a 1 файл (627 Мб) 
225 1 |a Современные системы и технологии в неразрушающем контроле 
300 |a Заглавие с титульного листа. 
320 |a [Библиогр.: с. 144 (3 назв.)] 
337 |a Adobe Reader 
461 1 |0 (RuTPU)RU\TPU\conf\6241  |t Неразрушающий контроль: электронное приборостроение, технологии, безопасность  |o сборник трудов IV Всероссийской научно-практической конференции студентов, аспирантов и молодых учёных, Томск, 26-30 мая 2014 г.  |o в 2 т.  |f Национальный исследовательский Томский политехнический университет (ТПУ)  |d 2014 
463 1 |0 (RuTPU)RU\TPU\conf\6243  |t Т. 1  |v [С. 141-144]  |d 2014 
610 1 |a труды учёных ТПУ 
610 1 |a электронный ресурс 
610 1 |a тепловой контроль 
610 1 |a углепластики 
610 1 |a изделия 
610 1 |a композиционные материалы 
610 1 |a дефекты 
700 1 |a Секерина  |b Е. Г. 
701 1 |a Нестерук  |b Д. А.  |c специалист в области неразрушающего контроля  |c доцент Томского политехнического университета, кандидат технических наук  |f 1979-  |g Денис Алексеевич  |3 (RuTPU)RU\TPU\pers\25092  |9 11198 
702 1 |a Нестерук  |b Д. А.  |c специалист в области неразрушающего контроля  |c доцент Томского политехнического университета, кандидат технических наук  |f 1979-  |g Денис Алексеевич  |4 727 
712 0 2 |a Национальный исследовательский Томский политехнический университет (ТПУ)  |b Институт неразрушающего контроля (ИНК)  |b Кафедра физических методов и приборов контроля качества (ФМПК)  |3 (RuTPU)RU\TPU\col\18709 
712 0 2 |a Национальный исследовательский Томский политехнический университет (ТПУ)  |b Институт природных ресурсов (ИПР)  |b Кафедра геологии и разведки полезных ископаемых (ГРПИ)  |3 (RuTPU)RU\TPU\col\18660 
801 1 |a RU  |b 63413507  |c 20090623  |g PSBO 
801 2 |a RU  |b 63413507  |c 20141120  |g PSBO 
856 4 |u http://www.lib.tpu.ru/fulltext/c/2014/C36/V1/050.pdf 
942 |c BK